Blue Jays WAR Leaders by Year - Statistics

General Stats
  • This quiz has been taken 78 times
  • The average score is 27 of 48
Answer Stats
Year WAR Position Answer % Correct
2014 6.9 RF Jose Bautista
100%
2011 8.3 RF Jose Bautista
100%
2010 7.0 RF Jose Bautista
100%
2024 6.2 1B Vladimir Guerrero Jr.
97%
2023 4.9 SS Bo Bichette
94%
2009 6.9 SP Roy Halladay
89%
2008 6.2 SP Roy Halladay
89%
2005 5.5 SP Roy Halladay
89%
2003 8.0 SP Roy Halladay
89%
2002 7.2 SP Roy Halladay
89%
2016 7.2 3B Josh Donaldson
88%
2015 7.1 3B Josh Donaldson
88%
2021 7.1 2B Marcus Semien
81%
2012 5.0 DH Edwin Encarnacion
78%
1998 8.1 SP Roger Clemens
73%
1997 12.1 SP Roger Clemens
73%
2001 4.5 1B Carlos Delgado
70%
2000 7.3 1B Carlos Delgado
70%
1990 5.9 SP Dave Stieb
70%
1984 7.9 SP Dave Stieb
70%
1983 7.0 SP Dave Stieb
70%
1982 7.6 SP Dave Stieb
70%
1981 4.4 SP Dave Stieb
70%
1992 6.6 2B Roberto Alomar
69%
2022 6.0 SP Alek Manoah
64%
2017 5.2 SP Marcus Stroman
61%
1993 7.8 1B John Olerud
56%
2006 6.2 CF Vernon Wells
55%
1991 6.3 CF Devon White
50%
2020 2.9 SP Hyun Jin Ryu
42%
2019 3.0 2B Cavan Biggio
41%
1989 6.6 1B Fred McGriff
36%
1988 6.2 1B Fred McGriff
36%
1986 7.6 RF Jesse Barfield
34%
1985 6.8 RF Jesse Barfield
34%
1996 8.6 SP Pat Hentgen
34%
1994 5.4 SP Pat Hentgen
34%
1987 7.4 SP Jimmy Key
33%
1999 6.4 RF Shawn Green
33%
2018 2.5 RF Randal Grichuk
30%
2007 5.6 RF Alex Rios
25%
2013 5.0 CF Colby Rasmus
19%
1980 5.5 SP Jim Clancy
17%
2004 5.2 2B Orlando Hudson
13%
1978 2.7 CP Victor Cruz
9%
1995 5.7 SP Al Leiter
6%
1977 3.6 SP Jerry Garvin
3%
1979 3.5 SP Tom Underwood
3%
No matching quizzes found
Score Distribution
Percent of People with Each Score
Percentile by Number Answered
Your Score History
You have not taken this quiz